000 00993nam a2200253 a 4500
001 BRL_1337
005 20190320211145.0
008 070114s1949----sw-abo####---#000-0#eng-#
041 _aeng
044 _asw
050 4 _aTS1651
_b.S95 1949
100 1 _aSylwan, Vivi
_d1870-
_926566
245 1 0 _aInvestigation of silk from Edsen-gol and Lop-nor, and a survey of wool and vegetable materials
_cby Vivi Sylwan ; introduction by Gösta Montell.
260 _aStockholm
_b[Elanders Boktryckeri]
_c1949
300 _a180 p.
_bil., láminas, mapas
_c29 cm.
440 0 _aReports from the scientific expedition to the north-western provinces of China under the leadership of Dr. Sven Hedin. The Sino-Swedish Expedition. Publication 32. VII. Archaeology
_v6
_926567
500 _aAu1562
504 _aBibliografía: p. 177-180
650 1 4 _aIndustria de la sera
_zChina
_926568
651 4 _aChina
_xAntigüedades
_919443
700 1 _aMontell, Gösta
_926569
902 _aGRL
942 _2lcc
_cB
999 _c10149
_d10149